000 00515nmm a2200157Ia 4500
008 251105s9999||||xx |||||||||||||||||und||
020 _a9788431522230
041 _aspa
100 _aBocconi, Anna Lamberti
245 0 _aNostradamus - Las profecías desde hoy hasta el año 2200
264 _a[Madrid, España] :
_bDe Vecchi,
_c[Fecha de publicación no identificada]
300 _a0 páginas
650 _aMind, body and spirituality
856 _uhttps://public.digitaliapublishing.com/a/123400
942 _cCF
999 _c81023
_d81023